000 00938naa a2200253 u 4500
001 06481
003 HDC
007 cr bn|---aauu|
008 210124e2008 xx | a z000 s eng d
040 _aHDC
100 _aDATUK SERI ABDULLAH BIN HAJI AHMAD BADAWI
_96767
245 0 _aSPEECH AT THE BUSINESS FORUM MALAYSIA-BAHRAIN BUSINESS OPPORTUNITIES /
_cby DATUK SERI ABDULLAH BIN HAJI AHMAD BADAWI
260 _aMANAMA, KINGDOM OF BAHRAIN:
_b[publisher not identified],
_c2009
300 _a3 pages
336 _atext
_2rdacontent
337 _acomputer
_2rdamedia
338 _aonline resource
_2rdacarrier
650 _aBusiness industry
_96119
650 _aBusiness opportunites
_96928
650 _aTourism sector
_96778
856 _zRequest full-text at [email protected]
942 _2lcc
942 _cSPE
999 _c3805
_d3805